| 000 | 00456nam a22001817a 4500 | ||
|---|---|---|---|
| 003 | OSt | ||
| 005 | 20140715213003.0 | ||
| 008 | 140710b xxu||||| |||| 00| 0 eng d | ||
| 020 | _a0-330-25430-8 | ||
| 040 | _cBMC | ||
| 082 | _a823 | ||
| 100 | 1 |
_921584 _aCanning, Victor _d1911-1986 |
|
| 245 | 1 | 0 |
_aThe doomsday Carrier _cVictor Canning |
| 250 | _a1st ed | ||
| 260 |
_aLondon _bPan Books _b: Heinemann _c1978 |
||
| 300 |
_a189 p. _c18 cm |
||
| 942 |
_2ddc _cBK |
||
| 999 |
_c12098 _d12098 |
||